Statistiques concernant Focus sur: Míriel - Tolkien

Cliquez ici pour prendre le quiz!

Statistiques générales

  • Ce quiz a été pris 5 fois
  • Le résultat moyen est 9 sur 13

Statistiques - réponses

Informations recherchéesRéponses% Correct
Age durant lequel elle vécutAnnée des Arbres
100%
EspèceElfe
100%
Première apparitionLe Silmarillion
100%
Groupe de l'espèceNoldor
100%
Profession et titreReine des Noldor
100%
Couleur des cheveuxArgenté
80%
ContréeValinor
80%
FilsFëanor
60%
EpouxFinwë
60%
MaisonFinwë (Tatyar)
60%
CitéTirion
40%
Autres nomsFíriel
0%
Serindë
0%

Distribution des résultats

Percentile par nombre de réponses

% des personnes avec chaque résultat

Votre développement - résultats

Vous n’avez pas pris ce quiz